Acteurs par lettre : F - Statistiques

Statistiques générales
  • Ce quiz a été pris 80 fois
  • Le résultat moyen est 6 sur 10
Statistiques - réponses
Films / Séries Années Acteurs % Correct
Le Fugitif / Indiana Jones 1942- Harrison Ford
88%
Intouchables / HPI 1997- Audrey Fleurot
82%
La Cuisine au beurre / Le Petit monde de Don Camillo 1903-1971 Fernandel
73%
Les Evadés / Seven 1937- Morgan Freeman
70%
Barbecue / Hollywoo 1973- Florence Foresti
62%
Le Parrain / Apocalypse Now (Réalisateur) 1939- Francis Ford Coppola
50%
Jennifer's body / Transformers 1986- Megan Fox
45%
La Cité de la peur / Didier 1962- Dominique Farrugia
44%
12 Hommes en colère / Il était une fois dans l'ouets 1905-1982 Henri Fonda
27%
Harry Potter / La Planète des singes 1987- Tom Felton
17%
Aucun quiz correspondant
Distribution des résultats
% des personnes avec chaque résultat
Percentile par nombre de réponses
Votre historique - résultats
Vous n’avez pas pris ce quiz